| 000 | 00551nam a2200241Ia 4500 | ||
|---|---|---|---|
| 003 | 0100 | ||
| 008 | 130303s9999 xx 000 0 und d | ||
| 020 | _a0671218360 | ||
| 040 | _cARRUPELIB | ||
| 050 | _aBF697.M55 1975 | ||
| 100 | _aMissildine, W. Hugh | ||
| 245 | _aYour inner conflicts | ||
| 245 | _bhow to solve them | ||
| 260 | _aNew york | ||
| 260 | _bSimon & Schuster | ||
| 260 | _C1975 | ||
| 300 | _a345p. | ||
| 300 | _b 22cm. | ||
| 650 | _aPSYCHOLOGY | ||
| 650 | _bPersonality | ||
| 700 | _aGalton , Lawrence | ||
| 942 | 0 | 0 | _05 |
| 999 |
_c29972 _d29972 |
||